[Event "Heusenstamm Sparkassen op-A 5th"]
[Site "Heusenstamm"]
[Date "2018.11.22"]
[Round "1"]
[White "Junker, Christian"]
[Black "Fruebing, Stefan"]
[Result "0-1"]
[WhiteElo "1984"]
[BlackElo "2406"]
[PlyCount "136"]
[EventDate "2018.11.22"]
[EventType "swiss"]
[EventRounds "7"]
[EventCountry "GER"]
[SourceTitle "CBM 188 Extra"]
[Source "ChessBase"]
[SourceDate "2019.02.26"]
[SourceVersion "1"]
[SourceVersionDate "2019.02.26"]
[SourceQuality "1"]

1. Nf3 Nf6 2. g3 d5 3. d3 Bg4 4. Bg2 Nbd7 5. Nbd2 e5 6. e4 c6 7. 0-0 Bd6 8. h3 Bh5 9. b3 0-0 10. Bb2 Re8 11. Qe1 a5 12. a4 Bb4 13. g4 Bg6 14. Qe2 d4 15. Nc4 b5 16. Ncxe5 Nxe5 17. Nxe5 Rxe5 18. f4 Re8 19. f5 Nd5 20. fxg6 fxg6 21. Rf2 Bc3 22. Bxc3 Nxc3 23. Qd2 Re5 24. Qf4 Qe7 25. axb5 cxb5 26. b4 a4 27. Ra3 Rf8 28. Qxf8+ Qxf8 29. Rxf8+ Kxf8 30. Kf2 Ke7 31. h4 Kd6 32. Kf3 Re8 33. Kg3 Ke5 34. Bf3 Re7 35. g5 Rf7 36. Ra1 Ra7 37. Ra3 h5 38. gxh6 gxh6 39. h5 gxh5 40. Bxh5 Rg7+ 41. Kf2 Kf4 42. Ra1 Ra7 43. Ra3 Kg5 44. Be8 h5 45. Kf3 h4 46. Ra1 a3 47. Rg1+ Kh6 48. Ra1 Kg7 49. Kg4 a2 50. Bc6 Rc7 51. Bxb5 Nxb5 52. Rxa2 Rc3 53. Kxh4 Kf6 54. Kg4 Na3 55. Kf4 Ke6 56. Ra1 Nxc2 57. Ra6+ Kd7 58. b5 Rxd3 59. e5 Rb3 60. Rd6+ Ke7 61. b6 d3 62. Ke4 Ne1 63. Kd5 d2 64. Kc4 Rd3 65. Rxd3 Nxd3 66. b7 Nxe5+ 67. Kc3 d1Q 68. b8Q Qc1+ 0-1

[Event "Leer op"]
[Site "Leer"]
[Date "2018.11.04"]
[Round "6"]
[White "Fruebing, Stefan"]
[Black "Levin, Felix"]
[Result "0-1"]
[WhiteElo "2406"]
[BlackElo "2470"]
[PlyCount "68"]
[EventDate "2018.11.01"]
[EventType "swiss"]
[EventRounds "7"]
[EventCountry "GER"]
[SourceTitle "CBM 187 Extra"]
[Source "ChessBase"]
[SourceDate "2018.11.04"]
[SourceVersion "1"]
[SourceVersionDate "2018.11.04"]
[SourceQuality "1"]

1. e4 c6 2. d4 d5 3. Nd2 dxe4 4. Nxe4 Nf6 5. Nxf6+ exf6 6. Bc4 Bd6 7. Ne2 Qc7 8. Ng3 0-0 9. 0-0 Nd7 10. a4 Nb6 11. Bb3 a5 12. c3 Re8 13. Qd3 Be6 14. c4 Bf8 15. Bc2 g6 16. b3 f5 17. Bb2 Bg7 18. Bc3 f4 19. Ne4 Bf5 20. Rfe1 Nd5 21. Bd2 Ne3 22. fxe3 Bxe4 23. Qc3 Bxc2 24. Qxc2 fxe3 25. Bc3 Rad8 26. Rad1 Qf4 27. Bxa5 Bxd4 28. Re2 b6 29. Be1 Qg4 30. Bg3 Bc5 31. Rd3 Qxe2 32. Qxe2 Rxd3 33. b4 Rd2 34. Qe1 Rd1 0-1

[Event "BL2-Nord 1718"]
[Site "Germany"]
[Date "2018.02.25"]
[Round "7.6"]
[White "Fruebing, Stefan"]
[Black "Pakleza, Zbigniew"]
[Result "1-0"]
[WhiteElo "2414"]
[BlackElo "2496"]
[PlyCount "99"]
[EventDate "2017.10.08"]
[EventType "team-tourn"]
[EventRounds "9"]
[EventCountry "GER"]
[SourceTitle "CBM 183 Extra"]
[Source "ChessBase"]
[SourceDate "2018.04.19"]
[SourceVersion "1"]
[SourceVersionDate "2018.04.19"]
[SourceQuality "1"]
[WhiteTeam "Koenig Tegel"]
[BlackTeam "Kiel Turm"]
[WhiteTeamCountry "GER"]
[BlackTeamCountry "GER"]

1. e4 d6 2. d4 Nf6 3. Nc3 e5 4. dxe5 dxe5 5. Qxd8+ Kxd8 6. Bg5 Be6 7. g3 Kc8 8. f4 Bb4 9. Bd3 exf4 10. gxf4 Bxc3+ 11. bxc3 Na6 12. Ne2 Nc5 13. Ng3 Ne8 14. f5 Bd7 15. Be3 Na4 16. c4 f6 17. c5 b6 18. Ba6+ Kd8 19. 0-0-0 Nxc5 20. Bxc5 bxc5 21. Rd5 Nd6 22. Rhd1 Re8 23. Rxc5 Re7 24. Rd4 Rb8 25. Ra5 Ke8 26. Bc4 Nc8 27. Bg8 g6 28. Bb3 Rb5 29. Rxb5 Bxb5 30. c4 Bd7 31. c5 Re5 32. Rd5 Rxd5 33. exd5 Ne7 34. fxg6 hxg6 35. Ne4 Bf5 36. Nxf6+ Kf7 37. Nh7 Kg7 38. Ng5 Kf6 39. h4 Ke5 40. Nf7+ Kf4 41. Kd2 Ng8 42. Kc3 Nf6 43. Kd4 Kg4 44. c6 Ne8 45. Ke5 Kxh4 46. d6 cxd6+ 47. Nxd6 Nc7 48. Nxf5+ gxf5 49. Kxf5 Na8 50. Ke6 1-0

[Event "BL2-Nord 1718"]
[Site "Germany"]
[Date "2017.11.12"]
[Round "3.7"]
[White "Lundin, Jan"]
[Black "Fruebing, Stefan"]
[Result "1/2-1/2"]
[WhiteElo "2312"]
[BlackElo "2414"]
[PlyCount "103"]
[EventDate "2017.10.08"]
[EventType "team-tourn"]
[EventRounds "9"]
[EventCountry "GER"]
[SourceTitle "CBM 183 Extra"]
[Source "ChessBase"]
[SourceDate "2018.04.19"]
[SourceVersion "1"]
[SourceVersionDate "2018.04.19"]
[SourceQuality "1"]
[WhiteTeam "Berlin SF II"]
[BlackTeam "Koenig Tegel"]
[WhiteTeamCountry "GER"]
[BlackTeamCountry "GER"]

1. f4 Nf6 2. Nf3 g6 3. g3 Bg7 4. Bg2 0-0 5. 0-0 d6 6. d3 Nc6 7. e4 e5 8. Nc3 Ne7 9. Kh1 Nd7 10. Nh4 exf4 11. Bxf4 Nc6 12. Qd2 Nde5 13. Bh6 f6 14. Bxg7 Kxg7 15. Nd5 Be6 16. d4 Ng4 17. h3 Nh6 18. Ne3 Ne7 19. c4 Qd7 20. g4 Rae8 21. d5 Bxg4 22. hxg4 Nxg4 23. Nf3 Nxe3 24. Qxe3 Nf5 25. Qf2 Rxe4 26. Nd2 Re2 27. Qf4 Ne3 28. Rf2 Nxg2 29. Kxg2 Qe7 30. Raf1 Re8 31. Rxe2 Qxe2+ 32. Rf2 Qe5 33. Nb3 Qxf4 34. Rxf4 Re2+ 35. Rf2 Re4 36. c5 f5 37. Rd2 Kf6 38. Nd4 a6 39. Ne6 Rc4 40. b4 Rxb4 41. Nxc7 dxc5 42. Ne6 c4 43. d6 c3 44. d7 cxd2 45. d8Q+ Kxe6 46. Qxd2 Rg4+ 47. Kf3 b5 48. Qh6 Ra4 49. Qxh7 Kf6 50. Qh8+ Kf7 51. Qd8 Kg7 52. Qe7+ 1/2-1/2

[Event "BL2-Nord 1718"]
[Site "Germany"]
[Date "2017.10.22"]
[Round "2.6"]
[White "Wittje, Berthold"]
[Black "Fruebing, Stefan"]
[Result "1/2-1/2"]
[WhiteElo "2211"]
[BlackElo "2414"]
[PlyCount "66"]
[EventDate "2017.10.08"]
[EventType "team-tourn"]
[EventRounds "9"]
[EventCountry "GER"]
[SourceTitle "CBM 183 Extra"]
[Source "ChessBase"]
[SourceDate "2018.04.19"]
[SourceVersion "1"]
[SourceVersionDate "2018.04.19"]
[SourceQuality "1"]
[WhiteTeam "Oldenburg Union"]
[BlackTeam "Koenig Tegel"]
[WhiteTeamCountry "GER"]
[BlackTeamCountry "GER"]

1. Nf3 Nf6 2. g3 d5 3. Bg2 c6 4. 0-0 Bg4 5. b3 e6 6. Bb2 Nbd7 7. d3 Bc5 8. Nbd2 Qe7 9. a3 0-0 10. c4 e5 11. cxd5 cxd5 12. d4 exd4 13. b4 d3 14. exd3 Bb6 15. Qb3 Rfe8 16. Rfe1 Qd6 17. Bd4 Bxd4 18. Nxd4 Ne5 19. N2f3 Nxf3+ 20. Nxf3 Qb6 21. Qc3 Rec8 22. Qb2 Bxf3 23. Bxf3 h6 24. Re7 Rc7 25. Rxc7 Qxc7 26. Rc1 Qb6 27. Qc3 Qa6 28. Kg2 Re8 29. h4 Re6 30. Qc8+ Re8 31. Qc3 Re6 32. Qc8+ Re8 33. Qc3 Re6 1/2-1/2